| 000 | 00908 a2200277 4500 | ||
|---|---|---|---|
| 001 | 62607 | ||
| 003 | TR-AnTOB | ||
| 005 | 20240902130218.0 | ||
| 008 | 070213s2005 tu tur | ||
| 020 |
_a9756951842 : _c8,25 YTL |
||
| 040 |
_aTR-AnTOB _beng _cTR-AnTOB _erda |
||
| 041 | _atur | ||
| 050 |
_aHG5706.5.I88 _bK83 2005 |
||
| 090 |
_aHG5706.5.I88 _b K83 2005 |
||
| 100 | 1 |
_aKüçükkocaoğlu, Güray _934571 |
|
| 245 | 0 |
_aİstanbul Menkul Kıymetler Borsasında gün içi getiri, volatilite ve kapanış fiyatı manipülasyonu / _cGüray Küçükkocaoğlu. |
|
| 264 | 1 |
_aAnkara : _bSermaye Piyasası Kurulu, _c2005. |
|
| 300 |
_a144 s. : _btabl., graf. ; _c25 cm. |
||
| 490 | 0 |
_aSermaye Piyasası Kurulu yayın no. _a180. |
|
| 650 | 0 |
_aMenkul değerler borsası _zTürkiye _2etuturkob _984154 |
|
| 650 | 0 |
_aSermaye piyasası _zTürkiye _917859 |
|
| 901 | _a0019626 | ||
| 902 | _abs | ||
| 942 |
_cBK _2lcc |
||
| 999 |
_c62607 _d16109 |
||